| 000 | 00629cam7a220021700 4500 | ||
|---|---|---|---|
| 001 | qcf00203037 | ||
| 005 | 20190816084246.0 | ||
| 008 | 751014s1932 fr 000 0 fre | ||
| 010 | _a 32012183 | ||
| 035 | _a(Sirsi) r124009 | ||
| 035 | _a(QCAT)lss01032596 | ||
| 035 | _a(UPRA)qcf00203037 | ||
| 040 | _dUPRA | ||
| 050 | 0 |
_aPQ2607.O64 _bC5 |
|
| 082 | _a843.91 | ||
| 100 | 1 |
_aDorgeles, Roland, 1886-1973. _dDorgeles, Roland, 1886-1973. _6A92144.1 |
|
| 245 | 1 | 3 |
_aLe chateau des brouillards : _broman. |
| 260 |
_aParis : _bA. Michel, _c[c1932] |
||
| 949 |
_aPQ2607.O64 _wlcc _i-178222 _mMAIN _tBOOK _lON-SHELF |
||
| 004 | 124009 | ||
| 999 |
_c79222 _d79222 |
||